[Event "Munich Express"]
[Site "Munich"]
[Date "1994.??.??"]
[Round "?"]
[White "Kramnik, Vladimir"]
[Black "Kasparov, Gary"]
[Result "0-1"]
[WhiteElo "2710"]
[BlackElo "2815"]

1.d4 Nf6 2.c4 g6 3.Nc3 Bg7 4.e4 d6 5.Nf3 O-O 6.Be2 e5 7.d5 a5 8.Bg5 h6 9.Bh4 Na6
10.O-O Bd7 11.Nd2 Nc5 12.b3 Nfxe4 13.Bxd8 Nxc3 14.Qe1 Rfxd8 15.Rc1 Nxa2 16.Ra1 Nb4
17.Bd1 e4 18.Rb1 Re8 19.Qe3 f5 20.h4 Rf8 21.g3 Rae8 22.Kg2 Nbd3 23.Rg1 f4
24.gxf4 Rxf4 25.h5 g5 26.Rf1 Rh4 27.Rh1 Rf4 28.Rf1 Ref8 29.f3 Rh4 30.fxe4 Nf4+
31.Kg1 Ncd3 32.e5 Nxe5 33.Rc1 Rh3 34.Nf3 g4 35.Nxe5 Rxe3 36.Nxd7 Nh3+ 37.Kg2 Rxf1
38.Kxf1 g3 39.Kg2 Nf4+  0-1

[Event "Munich Express"]
[Site "Munich"]
[Date "1994.??.??"]
[Round "?"]
[White "Kasparov, Gary"]
[Black "Leko, Peter"]
[Result "1-0"]
[WhiteElo "2815"]
[BlackElo "2545"]

1.d4 Nf6 2.Nf3 g6 3.Bg5 Bg7 4.Nbd2 d5 5.e3 O-O 6.Be2 Bg4 7.O-O c6 8.c4 Bxf3
9.Nxf3 Nbd7 10.Bh4 Re8 11.Qc2 Nb6 12.b3 Rc8 13.Rac1 Ne4 14.Bd3 Nf6 15.Rfd1 Qd7
16.c5 Na8 17.b4 Nc7 18.a4 a6 19.Ne5 Qe6 20.Re1 Nd7 21.Nf3 Nf6 22.h3 Qd7 23.Bg3 Nh5
24.Bh2 f5 25.Ne5 Qe6 26.Rb1 Nf6 27.Rec1 Nd7 28.Nf3 Nf6 29.b5 axb5 30.axb5 Ne4
31.b6 Nb5 32.Bxb5 cxb5 33.Rxb5 Qc6 34.Ra5 Ra8 35.Rca1 Rxa5 36.Rxa5 Rc8 37.Qa4 Qe6
38.Ra8 Bf6 39.Be5 Kf7 40.Rxc8 Qxc8 41.Bxf6 exf6 42.Qb3 Qc6 43.Ne1 Nd2 44.Qa2 Nc4
45.Nd3 Qb5 46.Nf4 Qc6 47.h4 g5 48.hxg5 fxg5 49.Nd3 Qb5 50.c6 Qxc6 51.Qa8 Qxb6
52.Nc5 Qc7 53.Qh8 Kg6 54.Qg8+ Kh6 55.Qe6+ Kg7 56.Qxf5 Qe7 57.Qxd5 Nd6 58.Ne6+ Kg6
59.Nxg5 Qxg5 60.Qxd6+ Kh5  1-0

[Event "Munich Express"]
[Site "Munich"]
[Date "1994.??.??"]
[Round "?"]
[White "Chernin, Alexander"]
[Black "Kasparov, Gary"]
[Result "0-1"]
[WhiteElo "2630"]
[BlackElo "2815"]

1.d4 Nf6 2.c4 g6 3.Nc3 Bg7 4.e4 d6 5.h3 O-O 6.Bg5 c6 7.Bd3 e5 8.d5 Na6 9.a3 Nc5
10.Bc2 cxd5 11.Nxd5 Ne6 12.Be3 Nxd5 13.cxd5 Nf4 14.Qf3 f5 15.exf5 Bxf5 16.Bxf5 Rxf5
17.Bxf4 Rxf4 18.Qb3 Qa5+ 19.Kf1 Raf8 20.f3 e4 21.Re1 Bd4 22.Ne2 Qa6  0-1

[Event "Munich Express"]
[Site "Munich"]
[Date "1994.??.??"]
[Round "?"]
[White "Hjartarson, Johann"]
[Black "Kasparov, Gary"]
[Result "0-1"]
[WhiteElo "2595"]
[BlackElo "2815"]

1.d4 Nf6 2.c4 c5 3.d5 b5 4.cxb5 a6 5.b6 d6 6.Nc3 Qxb6 7.e4 g6 8.Nf3 Bg7 9.a4 O-O
10.a5 Qc7 11.Bc4 Bg4 12.h3 Bxf3 13.Qxf3 Nbd7 14.Qe2 Ne5 15.Bxa6 c4 16.Bb5 Nd3+
17.Kf1 Rxa5 18.Rb1 Nd7 19.Bxd7 Qxd7 20.g3 Rb8 21.Bd2 Ra7 22.Kg2 Rab7 23.b4 Rxb4
24.Rxb4 Rxb4 25.Ra1 h5 26.Ra8+ Kh7 27.Nd1 Rb1 28.Ne3 Qb5 29.Qf3 Ne5 30.Qf4 Qb2
31.Nf5 c3 32.Bxc3 Qxc3 33.Nxe7 Qe1  0-1

[Event "Munich Express"]
[Site "Munich"]
[Date "1994.??.??"]
[Round "?"]
[White "Kasparov, Gary"]
[Black "Georgiev, Kiril"]
[Result "1-0"]
[WhiteElo "2815"]
[BlackElo "2615"]

1.d4 d5 2.c4 c6 3.Nf3 Nf6 4.Nc3 dxc4 5.a4 Bf5 6.e3 e6 7.Bxc4 Bb4 8.O-O O-O
9.Qe2 Bg6 10.Ne5 Nbd7 11.Nxg6 hxg6 12.Rd1 Qe7 13.e4 e5 14.d5 Nb6 15.Bb3 a5
16.Be3 Bc5 17.d6 Bxd6 18.Bxb6 Nd7 19.Be3 Nc5 20.Bc4 Rad8 21.Rd2 Qc7 22.Rad1 Be7
23.g3 b6 24.h4 Rxd2 25.Rxd2 Rd8 26.Qf3 Bf6 27.Rxd8+ Qxd8 28.Bxc5 bxc5 29.Qd3 Qc7
30.b3 g5 31.h5 Kh7 32.Qf3 Kh6 33.Nd1 g4 34.Qxg4 Bg5 35.Nc3 Qe7 36.Kg2 Bd2
37.Ne2 Qf6 38.Ng1 Bc3 39.Nf3 Bd4 40.Qc8 g6 41.Qf8+ Qg7 42.Qe7 gxh5 43.Bxf7 c4
44.Qe6+ Kh7 45.Qf5+ Kh8 46.bxc4  1-0

[Event "PCA/Intel-GP"]
[Site "New York"]
[Date "1994.??.??"]
[Round "1"]
[White "Kamsky, Gata"]
[Black "Kasparov, Gary"]
[Result "0-1"]
[WhiteElo "2695"]
[BlackElo "2815"]

1.d4 Nf6 2.Nf3 g6 3.c4 Bg7 4.Nc3 O-O 5.e4 d6 6.Be2 e5 7.O-O Nc6 8.d5 Ne7
9.b4 Nh5 10.c5 Nf4 11.Bxf4 exf4 12.Rc1 a5 13.cxd6 cxd6 14.Nb5 Bg4 15.Rc7 axb4
16.Qd2 Bxf3 17.Bxf3 Be5 18.Rxb7 Qa5 19.Nd4 Qxa2 20.Qxa2 Rxa2 21.Rxb4 Rfa8
22.Bg4 Bxd4 23.Rxd4 g5 24.h4 gxh4 25.Kh2 Ng6 26.Kh3 Rb2 27.Bf5 Ne5 28.Kxh4 h6
29.Bh3 Kg7 30.Rdd1 Raa2 31.f3 Ng6+ 32.Kg4 Kf6 33.Rb1 h5+ 34.Kxh5 Ra8 35.Kg4 Rh8
36.g3 Rh2 37.Rh1 R8xh3 38.Rxh2 Rxh2 39.gxf4 Rg2+ 40.Kh3 Nxf4+ 41.Kh4 Ke5
42.Rb7 Kd4 43.Rxf7 Ke3  0-1

[Event "PCA/Intel-GP"]
[Site "New York"]
[Date "1994.??.??"]
[Round "1"]
[White "Kasparov, Gary"]
[Black "Kamsky, Gata"]
[Result "1-0"]
[WhiteElo "2815"]
[BlackElo "2695"]

1.d4 d5 2.c4 dxc4 3.e3 Nf6 4.Bxc4 e6 5.Nf3 c5 6.O-O a6 7.Bd3 Nc6 8.Nc3 Qc7
9.a3 b6 10.dxc5 bxc5 11.Ne4 Be7 12.Bd2 Bb7 13.Bc3 Nxe4 14.Bxe4 O-O 15.Rc1 h6
16.Qa4 f5 17.Bb1 e5 18.Nh4 Bxh4 19.Qxh4 Qf7 20.f3 Rac8 21.Rcd1 Qe6 22.Bd3 f4
23.Rfe1 Ne7 24.exf4 Ng6 25.Qg3 Nxf4 26.Bxe5 Nh5 27.Qh4 c4 28.Bf1 Qg6 29.Rd6 Qf7
30.Qg4  1-0

[Event "PCA/Intel-GP"]
[Site "Paris"]
[Date "1994.??.??"]
[Round "3.2"]
[White "Kasparov, Gary"]
[Black "Kramnik, Vladimir"]
[Result "1-0"]
[WhiteElo "2810"]
[BlackElo "2725"]

1.d4 d5 2.c4 c6 3.Nf3 Nf6 4.Nc3 dxc4 5.a4 Bf5 6.e3 e6 7.Bxc4 Bb4 8.O-O O-O
9.Qe2 Bg6 10.Ne5 Nbd7 11.Nxg6 hxg6 12.Rd1 Qa5 13.h3 Rad8 14.Bd2 e5 15.Be1 exd4
16.Rxd4 Nb6 17.Bb3 Rxd4 18.exd4 Re8 19.Qd3 Nbd5 20.Bd2 Qb6 21.a5 Qc7 22.Nxd5 Nxd5
23.Bxb4 Nxb4 24.Qxg6 Nd5 25.Qf5 g6 26.Qf3 Qd6 27.a6 b6 28.g3 Kg7 29.Rc1 Re7
30.Kg2 Nb4 31.Qc3 Kg8 32.Re1 Rxe1 33.Qxe1 Kf8 34.Qc3 Nxa6 35.Qc4 Qd5+ 36.Qxd5 cxd5
37.Bxd5 Nb4 38.Bc4 Nc6 39.d5 Ne5 40.Bb5 f6 41.f4 Nf7 42.Kf3 Ke7 43.h4 f5
44.Ke3 Nd6 45.Be2 Ne4 46.g4 Nf6 47.gxf5 Nxd5+ 48.Ke4 Nf6+ 49.Ke5 Nd7+ 50.Kd5 gxf5
51.h5 Kf6 52.Kc6 Nc5 53.Bc4 Ne4 54.Bd5 Ng3 55.Bf3 Ne4 56.Kb7 Nd6+ 57.Kxa7 Nc4
58.b4 Kg7 59.Be2 Ne3 60.Kxb6 Nd5+ 61.Kc5 Nxf4 62.Bf3 Kf6 63.b5 Ne6+ 64.Kc4 Nd8
65.b6 Kg5 66.Kd5 Nb7 67.Kc6 Nd8+ 68.Kd7 Nf7 69.b7 Ne5+ 70.Kd6 Nxf3 71.b8=Q Kxh5
72.Qf8 Kg4 73.Qg7+ Kf4 74.Kd5 Ke3 75.Qg3 f4 76.Qh3 Ke2 77.Qg4 Ke3 78.Qg6 Nh4
79.Qe4+ Kf2 80.Qxf4+ Ke2 81.Qxh4 Kd3 82.Qg3+ Ke2 83.Ke4 Kd2 84.Kd4 Ke2 85.Qg2+ Kd1
86.Kd3  1-0

[Event "Horgen"]
[Site "Horgen"]
[Date "1995.??.??"]
[Round "4"]
[White "Kasparov, Gary"]
[Black "Jussupow, Artur"]
[Result "1/2-1/2"]
[WhiteElo "2795"]
[BlackElo "2680"]

1.e4 e5 2.Nf3 Nf6 3.d4 Nxe4 4.Bd3 d5 5.Nxe5 Bd6 6.O-O Nc6 7.Nxc6 bxc6 8.c4 O-O
9.c5 Be7 10.f3 Ng5 11.Nc3 Re8 12.Qa4 Bd7 13.Bd2 Rb8 14.Rab1 Bf6 15.Kh1 h5
16.Ne2 h4 17.h3 Qc8 18.Ba6 Qd8 19.Bd3 Qc8 20.Ba6 Qd8  1/2-1/2

[Event "Horgen"]
[Site "Horgen"]
[Date "1995.??.??"]
[Round "7"]
[White "Lautier, Joel"]
[Black "Kasparov, Gary"]
[Result "1/2-1/2"]
[WhiteElo "2645"]
[BlackElo "2795"]

1.d4 Nf6 2.c4 g6 3.Nc3 Bg7 4.e4 d6 5.f3 O-O 6.Bg5 c5 7.d5 a6 8.a4 h6 9.Be3 e6
10.Qd2 exd5 11.cxd5 Re8 12.Nge2 Nbd7 13.Nd1 Ne5 14.Nec3 Bd7 15.Be2 Kh7 16.O-O Rb8
17.a5 b5 18.axb6 Rxb6 19.Nf2 a5 20.Ra2 Rb4 21.Rfa1 Qb6 22.Rxa5 Rxb2 23.Qc1 Rb8
24.Bd2 Qb3 25.R5a3 Qc2 26.Qxc2 Rxc2 27.R3a2  1/2-1/2

[Event "Horgen"]
[Site "Horgen"]
[Date "1995.??.??"]
[Round "9"]
[White "Kasparov, Gary"]
[Black "Kramnik, Vladimir"]
[Result "1/2-1/2"]
[WhiteElo "2795"]
[BlackElo "2730"]

1.e4 c5 2.Nc3 Nc6 3.Nge2 Nf6 4.d4 cxd4 5.Nxd4 d6 6.Bc4 Qb6 7.Nb3 e6 8.Bf4 Ne5
9.Be2 Bd7 10.a4 Be7 11.a5 Qc7 12.a6 O-O 13.O-O Rfb8  1/2-1/2

[Event "PCA/Intel-GP"]
[Site "New York"]
[Date "1995.??.??"]
[Round "1"]
[White "Adams, Michael"]
[Black "Kasparov, Gary"]
[Result "0-1"]
[WhiteElo "2655"]
[BlackElo "2805"]

1.e4 c5 2.Nf3 d6 3.Bc4 Nf6 4.d3 e6 5.Bb3 Nc6 6.c3 d5 7.e5 Nd7 8.d4 Be7 9.O-O b5
10.Re1 Bb7 11.Nbd2 a5 12.a4 b4 13.c4 dxc4 14.Nxc4 cxd4 15.Bg5 O-O 16.Bxe7 Qxe7
17.Nxd4 Nc5 18.Nxc6 Bxc6 19.Rc1 Bd5 20.Ba2 Qg5 21.Ne3 Bxa2 22.Rxc5 Rfc8 23.Rb5 Qd8
24.Qf3 Qd2 25.Rd1 Qxb2 26.h3 Rf8 27.Rd7 Rac8 28.Ng4 Bd5 29.Qg3 Qc1+ 30.Kh2 Bc6
31.Ra7 Bxb5 32.axb5 Kh8 33.b6 Qc5 34.Qf4 Qxb6 35.Rxf7 Rxf7 36.Qxf7 b3 37.Nf6 Qc7
38.Qxe6 gxf6 39.Qxf6+ Qg7 40.Qe6 Rg8 41.g3 b2  0-1

[Event "PCA/Intel-GP"]
[Site "New York"]
[Date "1995.??.??"]
[Round "1"]
[White "Kasparov, Gary"]
[Black "Adams, Michael"]
[Result "1-0"]
[WhiteElo "2805"]
[BlackElo "2655"]

1.Nf3 Nf6 2.c4 d6 3.g3 g6 4.Bg2 Bg7 5.O-O O-O 6.Nc3 c6 7.d4 Bf5 8.Ne1 e5
9.d5 cxd5 10.cxd5 Na6 11.e4 Bd7 12.Nd3 Qe7 13.a4 Rfc8 14.Bd2 Nc5 15.Nxc5 Rxc5
16.a5 Qd8 17.Qb3 Ng4 18.h3 Bh6 19.Bxh6 Nxh6 20.Qxb7 Rb8 21.Qxa7 Rxb2 22.Na4 Rxa5
23.Nxb2 Rxa7 24.Rxa7 Bb5 25.Rfa1 Qb6 26.Nd1 Kg7 27.Ne3 Ng8 28.Ra8 Nf6 29.Rb1 Qc5
30.Ra5  1-0

[Event "PCA/Intel-GP"]
[Site "New York"]
[Date "1995.??.??"]
[Round "3"]
[White "Kramnik, Vladimir"]
[Black "Kasparov, Gary"]
[Result "1/2-1/2"]
[WhiteElo "2715"]
[BlackElo "2805"]

1.e4 e5 2.Nf3 Nf6 3.Nxe5 d6 4.Nf3 Nxe4 5.Nc3 Nxc3 6.dxc3 Be7 7.Be3 O-O 8.Qd2 Nc6
9.O-O-O Ne5 10.Nd4 c5 11.Nb5 Qa5 12.a3 Be6 13.Nxd6 Qb6 14.f4 Ng4 15.f5 Qxd6
16.Qxd6 Bxd6 17.Rxd6 Nxe3 18.fxe6 fxe6 19.Bd3 Rae8 20.Be4 Re7 21.Re1 Ng4
22.h3 Nf6 23.Bf3 Rfe8 24.Re5 b6 25.Bc6 Rc8 26.Bb5 Kf7 27.Bc4 Rce8 28.b4 Nd5
29.Rdxe6 Rxe6 30.Bxd5 Kf6 31.Rxe6+ Rxe6 32.Bxe6 Kxe6 33.Kd2 c4 34.b5 Kd5
35.Ke3 Ke5 36.h4 h5 37.g3 g6 38.Kf3 Kf5 39.a4 Ke5 40.g4 Ke6 41.gxh5 gxh5
42.Kf4 Kf6 43.Ke4 Ke6 44.a5 bxa5 45.Kd4 Kf5 46.Kxc4 Kg4 47.Kb3 Kxh4 48.c4 Kg5
49.c5 h4 50.c6 h3 51.c7 h2 52.c8=Q h1=Q 53.Qd8+ Kf5 54.Qd3+ Ke5 55.Qe3+ Kd6
56.Qd4+ Ke6 57.Qc4+ Kd6 58.Qf4+ Ke6 59.Qe3+ Kd6 60.c4 Qb1+ 61.Kc3 Qa1+ 62.Kd2 Qb2+
63.Ke1 Qb4+ 64.Kd1 Qxc4 65.Qh6+ Kc5 66.Qe3+ Kxb5  1/2-1/2

[Event "PCA/Intel-GP"]
[Site "New York"]
[Date "1995.??.??"]
[Round "3"]
[White "Kramnik, Vladimir"]
[Black "Kasparov, Gary"]
[Result "1/2-1/2"]
[WhiteElo "2715"]
[BlackElo "2805"]

1.e4 e5 2.Nf3 Nc6 3.Bc4 Nf6 4.d3 Be7 5.O-O O-O 6.Bb3 d5 7.exd5 Nxd5 8.h3 a5
9.a3 a4 10.Ba2 Kh8 11.Re1 f6 12.d4 exd4 13.Nxd4 Ndb4 14.axb4 Qxd4 15.c3 Qxd1
16.Rxd1 Bf5 17.Na3 Ne5 18.Nb5 c5 19.bxc5 Bxc5 20.Nd4 Rfd8 21.Be3 Bg6 22.Rd2 Bf7
23.Bxf7 Nxf7 24.Re2 Bxd4 25.Bxd4 Nd6 26.Bb6 Rdc8 27.Re7 h6 28.Bd4 b5 29.Rae1 Nf5
30.Rb7 Nxd4 31.cxd4 Rcb8 32.Ree7 b4 33.Rxg7 Rxb7 34.Rxb7 a3 35.bxa3 bxa3
36.Rb1 a2 37.Ra1 Kg7 38.Kf1 Kf7 39.Ke2 Ke6 40.Kd3 Kd5 41.Kc3  1/2-1/2

[Event "PCA/Intel-GP"]
[Site "New York"]
[Date "1995.??.??"]
[Round "4"]
[White "Kasparov, Gary"]
[Black "Ivanchuk, Vassily"]
[Result "1-0"]
[WhiteElo "2805"]
[BlackElo "2700"]

1.d4 d5 2.c4 Nc6 3.cxd5 Qxd5 4.e3 e5 5.Nc3 Bb4 6.Bd2 Bxc3 7.bxc3 Qd6 8.Bd3 Nf6
9.f3 O-O 10.Ne2 Be6 11.O-O Rad8 12.Qc1 Nd7 13.Be1 Qe7 14.Qb1 Nb6 15.Bxh7+ Kh8
16.Bd3 Na5 17.e4 Nac4 18.f4 f6 19.f5 Bf7 20.Rf3 Kg8 21.Rh3 exd4 22.cxd4 c5
23.d5 Ne5 24.Bc2 Nbc4 25.Nf4 b5 26.Qb3 Ng4 27.Qg3 Nce5 28.Bd1  1-0

[Event "PCA/Intel-GP"]
[Site "Paris"]
[Date "1995.??.??"]
[Round "2"]
[White "Georgiev, Kiril"]
[Black "Kasparov, Gary"]
[Result "0-1"]
[WhiteElo "2605"]
[BlackElo "2795"]

1.e4 c5 2.Nf3 d6 3.d4 cxd4 4.Nxd4 Nf6 5.Nc3 a6 6.Be3 e5 7.Nb3 Be6 8.f3 Be7
9.Qd2 Nbd7 10.g4 h6 11.h4 b5 12.Rg1 Nb6 13.g5 Nfd7 14.Nd5 Bxd5 15.exd5 hxg5
16.hxg5 Rc8 17.Na5 Nxd5 18.Nb7 Nxe3 19.Nxd8 Nxc2+ 20.Kd1 Nxa1 21.Nb7 Nc2
22.g6 Nd4 23.gxf7+ Kxf7 24.Bd3 g5 25.Qg2 Nf6 26.Qxg5 Rcg8 27.Bg6+ Kf8 28.Nxd6 Rh5
29.Qg2 Bxd6 30.f4 e4 31.Kc1 Rh6 32.f5 Nxf5 33.Qf2 Rhxg6 34.Rxg6 Rxg6 35.Qxf5 Kf7
36.Qf2 Ke6 37.Qb6 Rg5 38.Qxa6 e3 39.Kd1 Re5 40.Qc8+ Kf7 41.Ke2 Nd5 42.Qg4 b4
43.Qc4 Ke7 44.Qh4+ Kd7 45.Qg4+ Kc7 46.Qc4+ Kd7 47.Qg4+ Re6 48.Qg7+ Kc6 49.Qg2 Kc5
50.Qg5 Rg6 51.Qd8 Rg2+ 52.Kd3 Rd2+ 53.Ke4 e2 54.Qa5+ Kc6 55.Qa8+ Kb6 56.Qd8+ Bc7
57.Qh4 Nf4 58.Qe1 Ng2  0-1

[Event "PCA/Intel-GP"]
[Site "Paris"]
[Date "1995.??.??"]
[Round "4"]
[White "Kramnik, Vladimir"]
[Black "Kasparov, Gary"]
[Result "0-1"]
[WhiteElo "2730"]
[BlackElo "2795"]

1.Nf3 Nf6 2.c4 g6 3.Nc3 Bg7 4.e4 d6 5.d4 O-O 6.Be2 e5 7.d5 a5 8.Bg5 h6 9.Bh4 Na6
10.O-O Qe8 11.Nd2 Nh7 12.a3 h5 13.f3 Bd7 14.b3 f5 15.Rb1 Nc5 16.Nb5 Bxb5
17.cxb5 Bh6 18.exf5 gxf5 19.b6 cxb6 20.Nc4 Qg6 21.Be7 Rf7 22.Bxd6 Rg7 23.Rf2 e4
24.Bxc5 bxc5 25.fxe4 fxe4 26.d6 Nf6 27.Qf1 Nd7 28.Rd1 b5 29.Rd5 bxc4 30.Bxh5 Qe6
31.bxc4 Be3  0-1

[Event "Reykjavik TV rapid"]
[Site "Reykjavik"]
[Date "1995.??.??"]
[Round "1"]
[White "Stefansson, Hannes"]
[Black "Kasparov, Gary"]
[Result "0-1"]
[WhiteElo "2530"]
[BlackElo "2805"]

1.e4 c5 2.Nf3 d6 3.d4 cxd4 4.Nxd4 Nf6 5.Nc3 a6 6.f4 Qc7 7.Qf3 g6 8.Be3 b5
9.Bd3 Nbd7 10.O-O Bb7 11.a3 Bg7 12.Kh1 O-O 13.Bg1 Nb6 14.Qe2 Nfd7 15.a4 b4
16.Nd1 Nc5 17.a5 Nbd7 18.c3 Nxd3 19.Qxd3 Nc5 20.Qe3 Nxe4 21.cxb4 Rfc8 22.Nc3 Nxc3
23.bxc3 e5 24.fxe5 dxe5 25.Ne2 f5 26.Rae1 f4 27.Qh3 Qc4 28.Bb6 Rf8 29.Ng1 e4
30.Rd1 Rf7 31.Bd4 Bxd4 32.cxd4 f3 33.gxf3 exf3 34.Rf2 Bd5 35.Qg3 Qxb4 36.Rdf1 Re8
37.Nh3 Re1 38.Nf4 Rxf4 39.Qg5 Rxf1+ 40.Rxf1 Qxd4  0-1

[Event "Amsterdam VSB"]
[Site "Amsterdam"]
[Date "1996.??.??"]
[Round "4"]
[White "Short, Nigel D"]
[Black "Kasparov, Gary"]
[Result "1/2-1/2"]
[WhiteElo "2665"]
[BlackElo "2775"]

1.e4 c5 2.Nf3 d6 3.d4 cxd4 4.Nxd4 Nf6 5.Nc3 a6 6.Bc4 e6 7.O-O Be7 8.Bb3 O-O
9.f4 Nc6 10.Be3 Nxd4 11.Bxd4 b5 12.e5 dxe5 13.fxe5 Ne8 14.Ne4 Bb7 15.Qd3 Qc7
16.c3 Rd8 17.Bc2 Bxe4 18.Qxe4 g6 19.b4 Ng7 20.g4 h5 21.h3 a5 22.a3 Rd7 23.Rf3 Qd8
24.Rb1 Bg5 25.Rbf1 axb4 26.axb4 Be7 27.Rb1 h4 28.Qe3 Ne8 29.Be4 Nc7 30.Bc6 Nd5
31.Qe4 Nxc3 32.Bxc3 Qb6+ 33.Kg2 Rc7 34.Ba8 Rc4 35.Qb7 Qxb7 36.Bxb7 Rb8 37.Ba6 Rb6
38.Ra1 Rcc6 39.Bxb5 Rxb5 40.Ra8+ Kg7 41.Ra7 Kf8 42.Ra8+ Kg7 43.Ra7 Kf8  1/2-1/2

[Event "Amsterdam VSB"]
[Site "Amsterdam"]
[Date "1996.??.??"]
[Round "5"]
[White "Kasparov, Gary"]
[Black "Seirawan, Yasser"]
[Result "1-0"]
[WhiteElo "2775"]
[BlackElo "2630"]

1.d4 Nf6 2.c4 e6 3.Nf3 d5 4.Nc3 Nbd7 5.Qc2 dxc4 6.e4 c5 7.dxc5 Bxc5 8.Bxc4 a6
9.a4 Qc7 10.O-O Ng4 11.h3 Nxf2 12.Rxf2 Bxf2+ 13.Qxf2 Qxc4 14.Qg3 f6 15.Qxg7 Qc5+
16.Kh1 Qf8 17.Qg4 Qf7 18.e5 Rg8 19.Qc4 f5 20.Bg5 h6 21.Bh4 Qg6 22.Rg1 Nf8
23.Qb4 Rg7 24.Ne2 b5 25.axb5 Rd7 26.Nf4 Qf7 27.Rc1 Bb7 28.bxa6 Bxf3 29.gxf3 Rda7
30.Rg1 Rxa6 31.Nh5 Qc7 32.Rg7 Ra1+ 33.Kg2 Qc2+ 34.Bf2  1-0

[Event "Amsterdam VSB"]
[Site "Amsterdam"]
[Date "1996.??.??"]
[Round "8"]
[White "Lautier, Joel"]
[Black "Kasparov, Gary"]
[Result "1/2-1/2"]
[WhiteElo "2630"]
[BlackElo "2775"]

1.d4 Nf6 2.c4 g6 3.Nc3 Bg7 4.e4 d6 5.f3 O-O 6.Bg5 c5 7.d5 a6 8.a4 h6 9.Be3 e6
10.Qd2 exd5 11.cxd5 Re8 12.Nge2 Nbd7 13.Nd1 Ne5 14.Nec3 Nh5 15.Bxh6 Qh4+
16.Nf2 Bxh6 17.Qxh6 f5 18.Qd2 Rb8 19.Be2 f4 20.g3 fxg3 21.hxg3 Qxg3 22.O-O-O Qxf2
23.Qg5 Bg4 24.Rdf1 Qd4 25.Rd1 Qf2 26.Rdf1 Qd4 27.Rd1 Qf2  1/2-1/2

[Event "Amsterdam VSB"]
[Site "Amsterdam"]
[Date "1996.??.??"]
[Round "9"]
[White "Kasparov, Gary"]
[Black "Gelfand, Boris"]
[Result "1-0"]
[WhiteElo "2775"]
[BlackElo "2700"]

1.e4 c5 2.Nf3 d6 3.d4 cxd4 4.Nxd4 Nf6 5.Nc3 a6 6.Be2 e5 7.Nb3 Be7 8.O-O O-O
9.Kh1 Nc6 10.f4 a5 11.a4 Nb4 12.Bf3 Qb6 13.g4 exf4 14.Bxf4 Nd7 15.Nd4 g6
16.Bh6 Re8 17.Nf5 gxf5 18.gxf5 Bf6 19.Rg1+ Kh8 20.Qd2 Ne5 21.Qg2 Ng6 22.fxg6 fxg6
23.Rgf1 Bg7 24.Bxg7+ Kxg7 25.Rad1 Bd7 26.Qg3 Re5 27.Bg2 Nxc2 28.Nd5 Qd8 29.Qf2 Nb4
30.Nb6 Bg4 31.Qf7+ Kh8 32.Nxa8 Bxd1 33.Rxd1 Qxa8 34.Qf6+ Kg8 35.Rxd6 Re8
36.Rd7  1-0

[Event "Geneve Credit Suisse"]
[Site "Geneve"]
[Date "1996.??.??"]
[Round "1.4"]
[White "Kasparov, Gary"]
[Black "Nenashev, Alexander"]
[Result "1-0"]
[WhiteElo "2785"]
[BlackElo "2580"]

1.d4 Nf6 2.Nf3 c5 3.d5 b5 4.Bg5 d6 5.Bxf6 exf6 6.e4 a6 7.a4 b4 8.Bd3 g6 9.Nbd2 Bg7
10.O-O O-O 11.Nc4 a5 12.Nfd2 Qc7 13.f4 Nd7 14.Qe1 Ba6 15.Qh4 Rfe8 16.f5 Rad8
17.Rf3 Bc8 18.Raf1 Nf8 19.Ne3 Bd7 20.b3 h5 21.Ndc4 Bc8 22.g4 Bh6 23.gxh5 Bxe3+
24.Nxe3 g5 25.Qf2 Kh8 26.Ng4 Nd7 27.Rg3 Re7 28.h4 c4 29.hxg5 cxd3 30.gxf6 Rxe4
31.Qd2 Qc5+ 32.Nf2 Re3 33.Qxe3 Qxe3 34.Rxe3 dxc2 35.Rc1 Nxf6 36.Rxc2 Nxd5
37.Rf3 Bb7 38.Rd2 Nc3 39.Rg3 Re8 40.Kh2 d5 41.Rg5 Ba6 42.h6 Ne4 43.Nxe4 dxe4
44.h7 e3 45.Rdg2 Re4 46.Rg8+ Kxh7 47.R2g7+ Kh6 48.f6  1-0

[Event "Geneve Credit Suisse"]
[Site "Geneve"]
[Date "1996.??.??"]
[Round "2.2"]
[White "Topalov, Veselin"]
[Black "Kasparov, Gary"]
[Result "0-1"]
[WhiteElo "2750"]
[BlackElo "2785"]

1.e4 c5 2.Nf3 d6 3.d4 cxd4 4.Nxd4 Nf6 5.Nc3 a6 6.Be3 Ng4 7.Bg5 h6 8.Bh4 g5
9.Bg3 Bg7 10.Be2 h5 11.h4 gxh4 12.Rxh4 Nc6 13.Nb3 Be6 14.Qd2 Qb6 15.Nd5 Bxd5
16.exd5 Nce5 17.c3 Ng6 18.Rh3 h4 19.Bxg4 hxg3 20.Rxh8+ Bxh8 21.Qe3 gxf2+
22.Kxf2 Qxe3+ 23.Kxe3 Ne5 24.Be2 Kd7 25.Nd2 Rg8 26.Rh1 Bf6 27.Kf2 Ng4+ 28.Bxg4+ Rxg4
29.Rh7 Ke8 30.Kf3 Rg5 31.Ne4 Rf5+ 32.Ke3 Rxd5 33.Nxf6+ exf6 34.Rh8+ Kd7 35.Rb8 Re5+
36.Kf3 Kc7 37.Rf8 Re7 38.g4 Kd7 39.Kf4 Ke6 40.c4 Rc7 41.b3 b5 42.Re8+ Kd7
43.Ra8 bxc4 44.bxc4 Rxc4+ 45.Kf5 Ra4 46.Kxf6 Rxg4 47.Ra7+ Kc6 48.Rxa6+ Kc5
49.Kxf7 d5 50.Ra5+ Kd6 51.Kf6 Rf4+ 52.Kg5 Rf1 53.a4 Ke5 54.Ra8 Rg1+ 55.Kh6 d4
56.a5 d3 57.Rd8 Ke4 58.a6 Ra1 59.Rd6 Ke3 60.Re6+ Kf2 61.Rd6 Ke2 62.Re6+ Kd1
63.Kg5 d2 64.Kf4 Kc2  0-1

[Event "Geneve Credit Suisse"]
[Site "Geneve"]
[Date "1996.??.??"]
[Round "2.2"]
[White "Kasparov, Gary"]
[Black "Topalov, Veselin"]
[Result "1/2-1/2"]
[WhiteElo "2785"]
[BlackElo "2750"]

1.e4 c5 2.Nf3 e6 3.c3 d5 4.exd5 exd5 5.d4 a6 6.Bf4 Nc6 7.Be2 Nf6 8.O-O Be7
9.dxc5 Bxc5 10.Nbd2 O-O 11.Nb3 Bb6 12.Nfd4 Ne4 13.f3 Nd6 14.Kh1 Qf6 15.Qc1 Re8
16.Bd3 h6 17.Be3 Bd7 18.Bg1 Ne5 19.Bc2 Ndc4 20.Nd2 Rac8 21.Re1 Nd6 22.Nf1 Nec4
23.Rxe8+ Rxe8 24.b3 Na5 25.Qd2 Bc7 26.Re1 Rxe1 27.Qxe1 Nc6 28.Qd1 g6 29.Ne3 Ne7
30.Qe1 h5 31.Bf2 Nb5 32.Bh4 g5 33.Nxb5 axb5 34.Bf2 Be6 35.Nf1 Nc6 36.Qe3 h4
37.Qd3 h3 38.Ng3 hxg2+ 39.Kxg2 Ne5 40.Qh7+ Kf8 41.Bf5 Nxf3 42.Bxe6 Nh4+ 43.Kf1 Qxe6
44.Bc5+ Ke8 45.Qg8+ Kd7 46.Qxg5 Qh3+ 47.Ke2 Qxh2+ 48.Bf2 Bxg3 49.Qxg3 Qxg3
50.Bxg3 Nf5 51.Bh2 Ne7 52.Kd3 Nc6 53.c4 Nb4+ 54.Kd4 bxc4 55.bxc4 Kc6 56.cxd5+ Nxd5
57.Ke5 b5 58.Kf5 Kc5 59.Bg3 Kc4 60.Bd6 Kd4 61.a3 Kd3 62.Bf8 Nb6 63.Bc5 Nd7
64.Be7 Kd4 65.Bb4 Kc4 66.Bd6 Kb3 67.Kg5 Nb6 68.Kf6 Nc4 69.Bf8 Nxa3 70.Kxf7 Nc2
71.Ke6 Kc4 72.Kd7 Nd4 73.Be7 Kd5 74.Kc7 Nc6 75.Kb6 Nd4 76.Bc5  1/2-1/2

[Event "Geneve Credit Suisse"]
[Site "Geneve"]
[Date "1996.??.??"]
[Round "4.3"]
[White "Kasparov, Gary"]
[Black "Anand, Viswanathan"]
[Result "1/2-1/2"]
[WhiteElo "2785"]
[BlackElo "2750"]

1.c4 e5 2.Nc3 Nf6 3.Nf3 Nc6 4.g3 Bb4 5.Bg2 O-O 6.O-O Re8 7.d3 Bxc3 8.bxc3 e4
9.dxe4 Nxe4 10.Qc2 d6 11.Nd4 Qe7 12.Rd1 Bd7 13.f3 Nc5 14.e4 Na5 15.Qe2 f5
16.Ba3 fxe4 17.fxe4 Rad8 18.Rf1 Nc6 19.Rae1 b6 20.Bc1 Ne5 21.Nf5 Qe6 22.Bg5 Rc8
23.Qh5 Qg6 24.Qh4 Be6 25.Ne7+ Rxe7 26.Bxe7 Bxc4 27.Rf5 Re8 28.Bg5 Be6 29.Rff1 Bc4
30.Rf5 Be6 31.Ref1 h6 32.Be3 Bxf5 33.exf5 Qg4 34.Bd5+ Kh7 35.Qxg4 Nxg4 36.Bd4 Nf6
37.Bf3 Nd3 38.h4 Ne5 39.Bd1 c5 40.Be3 Nd5 41.Bd2 Nc4 42.Re1 Rxe1+ 43.Bxe1 Nde3
44.Be2 d5 45.Kf2 Nxf5 46.Bd3 g6 47.h5 Ne5 48.hxg6+ Kxg6 49.Bc2 h5 50.Ke2 Kf6
51.Bf2 d4 52.Bxf5 Kxf5 53.cxd4 cxd4 54.Bxd4 Nc6 55.Bf2 Ke4 56.a4 Nd4+ 57.Kd2 Nf5
58.Ke2 Nd6 59.a5 bxa5 60.Bxa7 a4 61.Bc5 Nf5 62.Kf2 Kd3 63.Kf3 Nd4+ 64.Kg2 Ke4
65.Kh3 Ne6 66.Ba3  1/2-1/2

[Event "Moscow PCA-GP"]
[Site "Moscow"]
[Date "1996.??.??"]
[Round "1.1"]
[White "Kasparov, Gary"]
[Black "Gelfand, Boris"]
[Result "1-0"]
[WhiteElo "2775"]
[BlackElo "2700"]

1.d4 Nf6 2.Nf3 e6 3.g3 d5 4.Bg2 Be7 5.O-O O-O 6.c4 dxc4 7.Qc2 a6 8.a4 Bd7
9.Qxc4 Bc6 10.Bf4 a5 11.Nc3 Na6 12.Rac1 Nb4 13.Rfe1 Bd6 14.Bg5 Bd5 15.Nxd5 exd5
16.Qb3 h6 17.Bxf6 Qxf6 18.e3 Rae8 19.Qd1 Re7 20.Rc3 Rfe8 21.Qb1 c6 22.Rd1 Qe6
23.Nd2 Na6 24.Nb3 Bb4 25.Rcc1 Qd6 26.Qc2 Nc7 27.Nc5 Ne6 28.Nd3 Qd8 29.Nxb4 axb4
30.h4 Qa5 31.b3 Nf8 32.Qc5 Qxc5 33.dxc5 Ne6 34.Bh3 g6 35.Bxe6 Rxe6 36.Rd4 Re4
37.Rcd1 g5 38.hxg5 hxg5 39.Kf1 Kg7 40.Ke2 g4 41.Rxe4 Rxe4 42.a5 Re8 43.Ra1 d4
44.Ra4 dxe3 45.Rxb4 exf2+ 46.Kxf2 Ra8 47.Rxg4+ Kf6 48.b4 Rd8 49.Re4 Rd1 50.Re8 Rb1
51.Rb8 Rxb4 52.a6 Ra4 53.axb7 Rb4 54.g4 Ke7 55.g5 Kd7 56.Rf8 Rxb7 57.Rxf7+  1-0

[Event "Moscow PCA-GP"]
[Site "Moscow"]
[Date "1996.??.??"]
[Round "1.2"]
[White "Gelfand, Boris"]
[Black "Kasparov, Gary"]
[Result "0-1"]
[WhiteElo "2700"]
[BlackElo "2775"]

1.d4 Nf6 2.Nf3 e6 3.c4 b6 4.a3 Bb7 5.Nc3 g6 6.d5 Bg7 7.g3 exd5 8.cxd5 O-O
9.Bg2 c6 10.d6 c5 11.O-O Re8 12.Re1 Ne4 13.Nd5 Bxd5 14.Qxd5 Nc6 15.Nh4 Nf6
16.Qd1 Re6 17.Bh3 Re4 18.Nf3 h6 19.Bd2 Re8 20.Bc3 Ne4 21.Bxg7 Kxg7 22.Qc2 f5
23.Rad1 Qf6 24.Rd5 Re6 25.Red1 Rxd6 26.Rxd6 Nxd6 27.b4 cxb4 28.axb4 Rd8 29.Bg2 Nb5
30.Qd3 a6 31.Qc4 Qc3 32.Rc1 Qxc4 33.Rxc4 Nd6 34.Rc1 Nxb4 35.Nd4 Rc8 36.Rd1 Kf6
37.h4 Ne4 38.g4 d5 39.gxf5 gxf5 40.Nxf5 Nc3 41.Rd2 a5 42.Nxh6 a4 43.Ng4+ Ke7
44.Ne3 a3 45.Nf5+ Kf6 46.Nd4 a2 47.Nb3 Nb1 48.Rd4 Rc4 49.Rd1 Rxh4 50.e3 Rc4
51.Bf1 Rc3 52.Na1 Nc2 53.Nxc2 Rxc2 54.Bd3 Rb2  0-1

[Event "Moscow PCA-GP"]
[Site "Moscow"]
[Date "1996.??.??"]
[Round "4.2"]
[White "Kramnik, Vladimir"]
[Black "Kasparov, Gary"]
[Result "1/2-1/2"]
[WhiteElo "2775"]
[BlackElo "2775"]

1.e4 c5 2.Nf3 Nc6 3.Bb5 g6 4.O-O Bg7 5.Re1 Nf6 6.e5 Nd5 7.Nc3 Nc7 8.Bxc6 dxc6
9.Ne4 Ne6 10.d3 O-O 11.Be3 b6 12.Qd2 f5 13.exf6 exf6 14.Bh6 a5 15.Bxg7 Kxg7
16.Re2 Ra7 17.Rae1 Raf7 18.h4 h5 19.b3 Qc7 20.Ng3 Nd4 21.Nxd4 cxd4 22.c3 Rd8
23.Re4 dxc3 24.Qxc3 c5 25.Ne2 Bf5 26.Nf4 Qd7 27.Ne6+ Bxe6 28.Rxe6 Qxd3 29.Qxd3  1/2-1/2